Plants and society

Tallennettuna:
Bibliografiset tiedot
Päätekijä: Levetin, Estelle
Aineistotyyppi: Kirja
Kieli:Vietnamese
Julkaistu: McGraw-Hill Higher Education 2006
Tagit: Lisää tagi
Ei tageja, Lisää ensimmäinen tagi!
Thư viện lưu trữ: Mạng thư viện Đại học Đà Nẵng
LEADER 00630nam a2200253 4500
001 000020954
003 17401
005 20150330160335.0
008 150330s2006 viesd
020 |c 00 
041 0 |a vie 
082 1 4 |a 580  |b LE-E 
100 1 |a Levetin, Estelle 
245 1 0 |a Plants and society  |c Estelle Levetin, Karen McMahon. 
260 |b McGraw-Hill Higher Education  |c 2006 
300 |a tr.  |c cm. 
OWN |a LSP 
999 |a From the UDN01 
TYP |a Monograph 
TYP |a Printed language 
980 |a Mạng thư viện Đại học Đà Nẵng